Landkreise in Schleswig-Holstein - Sudden Death - Statistiken

Allgemein
  • Dieses Quiz wurde 79 mal gespielt
  • Das Durchschnittsergebnis liegt bei 7 aus 11
Answers on the Grid
Answers color-coded by a green-red scale on the quiz's grid according to % correct below.
Friesland
Dithmarschen
Itzehoe
Steinburg
Pinneberg
Oldesloe
Preetz
Westholstein
Plön
Rendsburg-Eckernförde
Sylt
Nordfriesland
Stormarn
Elmshorn
Wesermarsch
Herzogtum Lauenburg
Segeberg
Ostholstein
Kaltenkirchen-Bramstedt
Schleswig-Flensburg
Husum
Eiderland
Cuxhaven
Ratzeburg
 
Antwortstatistiken
Antwort % Korrekt
Pinneberg
78%
Rendsburg-Eckernförde
76%
Nordfriesland
70%
Schleswig-Flensburg
70%
Dithmarschen
67%
Steinburg
63%
Ostholstein
62%
Plön
62%
Segeberg
62%
Stormarn
60%
Herzogtum Lauenburg
57%
Keine übereinstimmenden Quizze gefunden
Verteilung der Resultate
Anzahl Personen mit jedem Resultat
Perzentil nach korrekt beantworteten Fragen
Ihre Resultats-Entwicklung
Sie haben dieses Quiz noch nicht gespielt